Equipes participantes do Campeonato Colombiano - Statistics

Estatísticas Gerais
  • Esse quiz foi jogado 60 vezes
  • A pontuação média é 14 de 20
Estatísticas das Respostas
Cidade Estádio Equipe % Correto
Medellín, Antióquia Atanasio Girardot Atlético Nacional
98%
Cali, Valle del Cauca Olímpico Pascual Guerrero América
95%
Ibagué, Tolima Manuel Murillo Toro Tolima
89%
Cúcuta, Norte de Santander General Santander Cúcuta Deportivo
87%
Medellín, Antióquia Atanasio Girardot Independiente Medellín
87%
Barranquilla, Atlántico Metropolitano Junior
87%
Manizales, Caldas Palogrande Once Caldas
84%
Cali, Valle del Cauca Monumental de Palmaseca Deportivo Cali
78%
Bogotá, Distrito Capital El Campín Independiente Santa Fe
78%
Bogotá, Distrito Capital El Campín Millonarios
73%
Envigado, Antióquia Polideportivo Sur Envigado
71%
Tunja, Boyacá La Independencia Boyacá Chicó
65%
Bucaramanga, Santander Alfonso López Atlético Bucaramanga
64%
San Juan de Pasto, Nariño Departamental Libertad Deportivo Pasto
64%
Pereira, Risaralda Hernán Ramírez Villegas Deportivo Pereira
64%
Rionegro, Antióquia Alberto Grisales Águilas Doradas
62%
Bogotá, Distrito Capital Metropolitano de Techo La Equidad
38%
Montería, Córdoba Jaraguay Jaguares
35%
Barrancabermeja, Santander Daniel Villa Zapata Alianza Petrolera
29%
Tunja, Boyacá La Independencia Patriotas
25%
Nenhum quiz correspondente encontrado
Distribuição das Pontuações
Porcentagem de Pessoas com Cada Pontuação
Percentil de Números Respondidos
Sua Pontuação Histórica
Você não jogou esse quiz